Statistics for Highest, Largest, Biggest in the World by Pictures

Click here to take the quiz!

General Stats

  • This quiz has been taken 234 times
    (162 since last reset)
  • The average score is 14 of 27

Answer Stats

Answer% Correct
Russia
94%
Asia
92%
China
90%
Australia
89%
Sahara
87%
Pacific
85%
Nile
81%
Russia , China
78%
Vatican City
78%
Blue Whale
73%
Amazon
71%
New York
66%
Andes
59%
Mawsynram
58%
Reykjavik
45%
Tokyo
44%
Baikal
42%
Caspian Sea
35%
Indonesia
35%
Indonesia
33%
Rhine
29%
La Paz
26%
Gorakhpur, India
14%
Sunderban
13%
Toronto Zoo
8%
Cotopaxi
3%
D
2%

Score Distribution

Percentile by Number Answered

Percent of People with Each Score

Your Score History

You have not taken this quiz since the last reset